La novela en el siglo XX (hasta 1939) / (Registro nro. 244978)

Detalles MARC
000 -LEADER
fixed length control field 01586nam a2200445Ii 4500
001 - CONTROL NUMBER
control field DIGACVF0032
003 - CONTROL NUMBER IDENTIFIER
control field NyNyDIG
006 - FIXED-LENGTH DATA ELEMENTS--ADDITIONAL MATERIAL CHARACTERISTICS
fixed length control field m o d
008 - FIXED-LENGTH DATA ELEMENTS--GENERAL INFORMATION
fixed length control field 161107s2013 sp ob 000 0 spa d
007 - PHYSICAL DESCRIPTION FIXED FIELD--GENERAL INFORMATION
fixed length control field cr |||||||||||
035 ## - SYSTEM CONTROL NUMBER
System control number (OCoLC)962227135
040 ## - CATALOGING SOURCE
Original cataloging agency DGITA
Language of cataloging eng
Description conventions rda
-- pn
Transcribing agency DGITA
020 ## - INTERNATIONAL STANDARD BOOK NUMBER
International Standard Book Number 9788494073045
Qualifying information (eBook ;
-- ePub)
020 ## - INTERNATIONAL STANDARD BOOK NUMBER
International Standard Book Number 8494073044
Qualifying information (eBook ;
-- ePub)
043 ## - GEOGRAPHIC AREA CODE
Geographic area code e-sp---
050 14 - LIBRARY OF CONGRESS CALL NUMBER
Classification number PQ6144 ebook
082 04 - DEWEY DECIMAL CLASSIFICATION NUMBER
Classification number 863.609
Edition number 23
100 1# - MAIN ENTRY--PERSONAL NAME
Personal name Ferreras, Juan Ignacio,
Relator term author.
245 13 - TITLE STATEMENT
Title La novela en el siglo XX (hasta 1939) /
Statement of responsibility, etc. Juan Ignacio Ferreras.
246 3# - VARYING FORM OF TITLE
Title proper/short title Novela en el siglo 20 hasta 1939
250 ## - EDITION STATEMENT
Edition statement Primera edición en ACVF.
264 #1 - PRODUCTION, PUBLICATION, DISTRIBUTION, MANUFACTURE, AND COPYRIGHT NOTICE
Place of production, publication, distribution, manufacture Madrid :
Name of producer, publisher, distributor, manufacturer ACVF Editorial,
Date of production, publication, distribution, manufacture, or copyright notice [2013]
300 ## - PHYSICAL DESCRIPTION
Extent 1 online resource.
336 ## - CONTENT TYPE
Content type term text
Content type code txt
Source rdacontent
337 ## - MEDIA TYPE
Media type term computer
Media type code c
Source rdamedia
338 ## - CARRIER TYPE
Carrier type term online resource
Carrier type code cr
Source rdacarrier
490 1# - SERIES STATEMENT
Series statement Estudios históricos de literatura española ;
Volume/sequential designation 7
490 1# - SERIES STATEMENT
Series statement ACVF ensayo
504 ## - BIBLIOGRAPHY, ETC. NOTE
Bibliography, etc. note Includes bibliographical references.
588 0# - SOURCE OF DESCRIPTION NOTE
Source of description note Online resource; title from ePub title page (Digitalia, viewed November 08, 2016)
650 #0 - SUBJECT ADDED ENTRY--TOPICAL TERM
Topical term or geographic name entry element Spanish fiction
Chronological subdivision 20th century
General subdivision History and criticism.
655 #0 - INDEX TERM--GENRE/FORM
Genre/form data or focus term Electronic books.
791 2# -
-- Digitalia (Firm),
-- distributor.
793 0# -
-- Digitalia eBook Collection:
-- ACVF Editorial
830 #0 - SERIES ADDED ENTRY--UNIFORM TITLE
Uniform title Estudios históricos de literatura española ;
Volume/sequential designation 7.
830 #0 - SERIES ADDED ENTRY--UNIFORM TITLE
Uniform title ACVF ensayo.
856 40 - ELECTRONIC LOCATION AND ACCESS
Materials specified Digitalia Hispánica
Uniform Resource Identifier <a href="https://www.digitaliapublishing.com/a/39554/">https://www.digitaliapublishing.com/a/39554/</a>
910 ## - USER-OPTION DATA (OCLC)
User-option data Premium Collection: 2016
942 ## - ADDED ENTRY ELEMENTS (KOHA)
Koha item type Recurso Electrónico
Existencias
Withdrawn status Lost status Damaged status Not for loan Collection Home library Current library Date acquired Total checkouts Date last seen Price effective from Koha item type
        Digitalia Ebooks Hispanica Biblioteca Digital UIN Biblioteca Digital UIN 04/25/2025   04/25/2025 04/25/2025 Recurso Electrónico

CONTACTO


NOSOTROS


SITIOS DE INTERES

coordinacion.biblioteca.biblioteca@unienlinea.mx Misión, Visión y Objetivos Bases de datos
Directorio Bibliotecas Digitales y Repositorios
Normatividad Revistas y artículos
Convenios interbibliotecarios
Boletines



Hecho en México. Universidad Insurgentes (UIN). Todos los derechos reservados 2024. Esta página y sus contenidos pueden ser reproducidos con fines no lucrativos, siempre y cuando no se mutile, se cite la fuente completa y su dirección electrónicas. De otra forma requiere permiso previo por escrito de la institución




2024 Copyright Universidad Insurgentes | www.bibliouin.com.mx